000 00323nam a2200133Ia 4500
008 150201s2009 xx 000 0 und d
082 _a611
_bA09S
100 _aSINGH,VISHRAM
245 _aANATOMY OF HEAD,NECK & BRAIN
250 _a1ST
260 _bELSEVIER
_aDELHI
_c2009
650 _aHUMAN ANATOMY
942 _2ddc
_cBK
_028
999 _c1126
_d1126